| 000 | 01308cab a2200241 4500 | ||
|---|---|---|---|
| 001 | X2515 | ||
| 008 | 090401t1995 xxu||||| |||| 00| 0 eng d | ||
| 035 | _a(Sirsi) u24763 | ||
| 041 | _aeng | ||
| 245 | _aStroud DC and Hardwicke Court Estate and Summerhouse Farm Equitation Centre | ||
| 260 | _c1995 | ||
| 350 | _a0 | ||
| 490 |
_aPlanning Appeal Decisions _v(1995) 10 PAD 452-478 (27) |
||
| 520 | _aAppeals against refusals of permission for development of adjacent sites in different ownership as motorway service area (MSA) - both appeals dealt with at single inquiry - planning issues of principle - off-line site locations - local planning issues - effect and relevance of central Government policy of deregulation of MSAs - responsibility devolving on private sector for MSA site locating and development - issues of need - Dept of Transport policies and role on motorway signing agreements -site-specific issues relative to each site - relevance of appeal decisions on other possible MSA sites. | ||
| 650 | _aMOTORWAY SERVICE AREA | ||
| 650 | _aMOTORWAY SIGNING AGREEMENTS | ||
| 650 | _aMSA | ||
| 650 | _aOFF-LINE SITE LOCATIONS | ||
| 650 | _aSTROUD DC AND HARDWICKE COURT ESTATE AND SUMMERHOUSE FARM | ||
| 690 | _aPLANNING LAW AND PRACTICE-CASE LAW | ||
| 942 | _n0 | ||
| 948 | _c04/03/1997 | ||
| 999 |
_c16615 _d16615 |
||